00278nam a2200121Ia 4500008004100000100001300041245001800054260002900072300000900101650002200110942000700132999001700139190216s9999||||xx |||||||||||||| ||und|| aCherukad 0aTharavaditham bChintha Publishersc1987 a116p aMalayalam Nadakam cBK c26488d26488